000 00353nam a2200145Ia 4500
008 230312s9999||||xx |||||||||||||| ||und||
020 _a1-56898-870-2
082 _a720.28
_bWER-M
100 _aWerner;Megan
245 0 _aModel MAKING
260 _bPrinceton Architecture Press
_aLondon
_c2011
300 _a159
650 _aArchitecture
942 _cBK
999 _c11841
_d11841